000 00351nam a2200133 i 4500
001 42772
003 ES-MaACL
005 20230906160657.0
007 t|
008 030314s1919 sp ||||1| spa d
245 0 0 _aCeres hispánica
_b: estación de Svalöf [de ensayo de semillas].
260 _aMadrid :
_b[s.n.,
_c1919]
852 _aES-MaACL
_j1576-F-6
999 _c42772
_d42772